| Tag |
First Indicator |
Second Indicator |
Subfields |
| LEADER |
00000cam a2200000 a 4500 |
| 001 |
in00001404568 |
| 005 |
20151020052259.0 |
| 008 |
970819s1997 oruab b f000 0 eng d |
| 010 |
|
|
|a gp 97067238
|
| 035 |
|
|
|a (OCoLC)37495174
|
| 035 |
|
|
|9 AHM3470AM
|
| 040 |
|
|
|a GPO
|c GPO
|d DLC
|d MvI
|d UtOrBLW
|
| 043 |
|
|
|a n-us-ca
|
| 074 |
|
|
|a 0612
|
| 086 |
0 |
|
|a I 49.2:SH 8/DRAFT
|
| 110 |
2 |
|
|a U.S. Fish and Wildlife Service.
|b Region 1.
|
| 245 |
1 |
0 |
|a Draft California freshwater shrimp (Syncaris pacifica Holmes 1895) recovery plan.
|
| 246 |
3 |
0 |
|a California freshwater shrimp recovery plan
|
| 246 |
3 |
0 |
|a California freshwater shrimp
|
| 264 |
|
1 |
|a Portland, Or. :
|b U.S. Fish and Wildlife Service, Region 1,
|c 1997.
|
| 300 |
|
|
|a viii, 87 pages :
|b illustrations, map ;
|c 28 cm.
|
| 336 |
|
|
|a text
|b txt
|2 rdacontent
|
| 337 |
|
|
|a unmediated
|b n
|2 rdamedia
|
| 338 |
|
|
|a volume
|b nc
|2 rdacarrier
|
| 500 |
|
|
|a Shipping list number: 97-0324-P.
|
| 504 |
|
|
|a Includes bibliographical references (pages 74-81).
|
| 650 |
|
0 |
|a Shrimps
|z California, Northern.
|
| 650 |
|
0 |
|a Atyidae (Crustacea)
|z California, Northern.
|
| 650 |
|
0 |
|a Freshwater invertebrates
|z California, Northern.
|
| 650 |
|
0 |
|a Endangered species
|z California, Northern.
|
| 710 |
2 |
|
|a U.S. Fish and Wildlife Service.
|b Region 1.
|
| 999 |
|
|
|a MARS
|
| 999 |
f |
f |
|s 315fadef-eb29-3263-81e6-39439fd76073
|i fac0b87c-9764-399a-a1c8-0a01e5f7a86a
|t 0
|
| 952 |
f |
f |
|p normal
|a Texas A&M University
|b College Station
|c Sterling C. Evans Library
|d Evans: US Documents (Annex 5th floor)
|t 0
|e I 49.2:SH 8/DRAFT
|h Superintendent of Documents classification
|i unmediated -- volume
|m A14838131816
|
| 998 |
f |
f |
|a I 49.2:SH 8/DRAFT
|t 0
|l Evans: US Documents (Annex 5th floor)
|